I. Ya Pomeranchuk and Physics at the Turn of the Century

Spremljeno u:
Bibliografski detalji
Format: Sách
Jezik:Undetermined
Izdano:  World Scientific  2003
Teme:
Oznake: Dodaj oznaku
Bez oznaka, Budi prvi tko označuje ovaj zapis!
Thư viện lưu trữ: Trung tâm Thư viện - Trường Đại học Công nghiệp TP. Hồ Chí Minh
LEADER 00462nam a2200133Ia 4500
001 UIH_07680
008 231011s9999 xx 000 0 und d
082 |a  539.7 
245 0 |a  I. Ya Pomeranchuk and Physics at the Turn of the Century 
260 |b  World Scientific 
260 |c  2003 
650 |a   Vật lý hạt nhân; Vật lý học;  
927 |a Sách 
980 |a Trung tâm Thư viện - Trường Đại học Công nghiệp TP. Hồ Chí Minh